000 00263nam a2200109Ia 4500
008 220714s9999 xx 000 0 und d
020 _a978158011491 2
082 _a690.893 CORY
100 _aSteve Cory
_9165050
245 0 _aUltimate guide Porches
942 _cBK
_w561
_xJohn Tresidder
_y561
_zJohn Tresidder
999 _c715144
_d715143